Бериллиевые месторождения России

Dades bibliogràfiques
Autor principal: Куприянова И. И. Ирина Ивановна
Autor corporatiu: Всероссийский научно-исследовательский институт минерального сырья им. Н. М. Федоровского (ВИМС), Российский фонд фундаментальных исследований (РФФИ)
Altres autors: Шпанов Е. П. Евгений Петрович
Sumari:В монографии обобщён опыт многолетнего изучения месторождений бериллия, на территории России, а также Украины, Белоруссии, Казахстана, Киргизии, Узбекистана, за исключением пегматитовых месторождений. Рассмотрены особенности их формирования в различной геолого-тектонической обстановке. Приводится геолого-промышленная классификация и характеристика бериллиевых месторождений основных формационных и промышленных типов, рассматриваются факторы локализации и минералого-геохимический состав руд, главные условия генезиса месторождений. На примере выделенных рудоносных формаций выведены общие закономерности размещения бериллиевых месторождений в зависимости от региональной тектонической обстановки. Дана петрологическая характеристика гранитоидных формаций, генерирующих бериллиевое оруденение, и выявлены петрохимические различия гранитоидов, определяющие развитие той или иной формации бериллиевых месторождений. Разобраны также условия структурной локализации бериллиевого оруденения и влияние на него состава и физико-механических свойств вмещающих пород. Монография представляет интерес не только для геологов изучающих собственно бериллиевые месторождения, но и для широкого круга специалистов, занятых исследованием постмагматических месторождений олова, вольфрама, молибдена, флюорита и других поезных ископаемых. Монография может служить полезным руководством для геологических организаций при изучении отдельных месторождений, выборе эффективных методов их оценки и направлении поисков бериллиевых месторождений. Для широкого круга геологов и минералогов.
Idioma:rus
Publicat: Москва, Геос, 2011
Matèries:
Format: MixedMaterials Llibre
KOHA link:https://koha.lib.tpu.ru/cgi-bin/koha/opac-detail.pl?biblionumber=208073

MARC

LEADER 00000nam0a2200000 4500
001 208073
005 20231101225435.0
010 |a 9785891185630 
035 |a (RuTPU)RU\TPU\book\227110 
090 |a 208073 
100 |a 20120131d2011 k y0rusy50 ca 
101 0 |a rus 
102 |a RU 
105 |a a z 001zy 
200 1 |a Бериллиевые месторождения России  |f И. И. Куприянова, Е. П. Шпанов  |g Всероссийский научно-исследовательский институт минерального сырья им. Н. М. Федоровского (ВИМС); Российский фонд фундаментальных исследований (РФФИ) 
210 |a Москва  |c Геос  |d 2011 
215 |a 352 с.  |c ил. 
320 |a Библиогр.: с. 333-349. 
330 |a В монографии обобщён опыт многолетнего изучения месторождений бериллия, на территории России, а также Украины, Белоруссии, Казахстана, Киргизии, Узбекистана, за исключением пегматитовых месторождений. Рассмотрены особенности их формирования в различной геолого-тектонической обстановке. Приводится геолого-промышленная классификация и характеристика бериллиевых месторождений основных формационных и промышленных типов, рассматриваются факторы локализации и минералого-геохимический состав руд, главные условия генезиса месторождений. На примере выделенных рудоносных формаций выведены общие закономерности размещения бериллиевых месторождений в зависимости от региональной тектонической обстановки. Дана петрологическая характеристика гранитоидных формаций, генерирующих бериллиевое оруденение, и выявлены петрохимические различия гранитоидов, определяющие развитие той или иной формации бериллиевых месторождений. Разобраны также условия структурной локализации бериллиевого оруденения и влияние на него состава и физико-механических свойств вмещающих пород. Монография представляет интерес не только для геологов изучающих собственно бериллиевые месторождения, но и для широкого круга специалистов, занятых исследованием постмагматических месторождений олова, вольфрама, молибдена, флюорита и других поезных ископаемых. Монография может служить полезным руководством для геологических организаций при изучении отдельных месторождений, выборе эффективных методов их оценки и направлении поисков бериллиевых месторождений. Для широкого круга геологов и минералогов. 
606 1 |a Бериллиевые руды  |x Месторождения  |2 stltpush  |3 (RuTPU)RU\TPU\subj\28248  |9 51801 
610 1 |a бериллиевые месторождения 
610 1 |a Россия 
610 1 |a Карело-Кольская провинция 
610 1 |a Белорусско-Украинская провинция 
610 1 |a Уральская провинция 
610 1 |a Казахская провинция 
610 1 |a Алтайская провинция 
610 1 |a Тянь-Шаньская провинция 
610 1 |a Восточно-Саянская провинция 
610 1 |a Западно-Забайкальская провинция 
610 1 |a Алданская провинция 
675 |a 553.493.4  |v 3 
700 1 |a Куприянова  |b И. И.  |g Ирина Ивановна 
701 1 |a Шпанов  |b Е. П.  |g Евгений Петрович 
712 0 2 |a Всероссийский научно-исследовательский институт минерального сырья им. Н. М. Федоровского (ВИМС)  |c (Москва)  |2 stltpush  |3 (RuTPU)RU\TPU\col\701 
712 0 2 |a Российский фонд фундаментальных исследований (РФФИ)  |c (Москва)  |2 stltpush  |3 (RuTPU)RU\TPU\col\112 
801 1 |a RU  |b 63413507  |c 20120131 
801 2 |a RU  |b 63413507  |c 20120511  |g RCR 
942 |c BK 
959 |a 8/20120131  |d 1  |e 0,00  |f ЧЗТЛ:1